[Event "WCO 2016"]
[Site "?"]
[Date "2016.09.11"]
[Round "9"]
[Board "17"]
[WhiteID "1118080"]
[White "Worek Joanna"]
[BlackID "14201526"]
[Black "Muminova Nafisa"]
[Result "0-1"]
[BlackElo "2324"]
[WhiteElo "2360"]
[LiveChessVersion "1.4.8"]

1. c4 {[%clk 1:30:57]} c6 {[%clk 1:30:26]} 2. Nc3 {[%clk 1:30:22]} d5
{[%clk 1:30:22]} 3. e3 {[%clk 1:30:46]} Nf6 {[%clk 1:27:43]} 4. b3
{[%clk 1:30:16]} e5 {[%clk 1:24:31]} 5. Bb2 {[%clk 1:17:17]} d4 {[%clk 1:14:09]}
6. exd4 {[%clk 1:09:33]} exd4 {[%clk 1:14:34]} 7. Qe2+ {[%clk 1:10:00]} Be7
{[%clk 1:10:02]} 8. Ne4 {[%clk 1:04:47]} O-O {[%clk 1:10:06]} 9. O-O-O
{[%clk 0:58:04]} c5 {[%clk 1:07:56]} 10. Nh3 {[%clk 0:55:59]} Nc6
{[%clk 0:53:07]} 11. Nf4 {[%clk 0:49:28]} Bd6 {[%clk 0:48:55]} 12. Nxf6+
{[%clk 0:31:45]} Qxf6 {[%clk 0:49:11]} 13. Nd3 {[%clk 0:32:11]} Bd7
{[%clk 0:44:47]} 14. f4 {[%clk 0:29:24]} a6 {[%clk 0:38:23]} 15. g4
{[%clk 0:23:57]} b5 {[%clk 0:34:23]} 16. Bg2 {[%clk 0:22:34]} bxc4
{[%clk 0:33:15]} 17. bxc4 {[%clk 0:22:55]} Rab8 {[%clk 0:32:29]} 18. g5
{[%clk 0:22:33]} Qd8 {[%clk 0:32:15]} 19. f5 {[%clk 0:22:28]} Bxf5
{[%clk 0:30:38]} 20. Bxc6 {[%clk 0:20:11]} Bxd3 {[%clk 0:28:34]} 21. Qxd3
{[%clk 0:20:00]} Qb6 {[%clk 0:28:41]} 22. Qa3 {[%clk 0:14:44]} Qxc6
{[%clk 0:28:56]} 23. Rhf1 {[%clk 0:14:42]} Rb4 {[%clk 0:28:06]} 24. Rf3
{[%clk 0:12:09]} Rxc4+ {[%clk 0:20:36]} 25. Kb1 {[%clk 0:12:35]} Rb4
{[%clk 0:19:58]} 26. Rb3 {[%clk 0:06:43]} Ra4 {[%clk 0:18:12]} 27. Rb6
{[%clk 0:06:58]} Qxb6 {[%clk 0:18:37]} 28. Qxa4 {[%clk 0:07:21]} Rb8
{[%clk 0:18:37]} 29. Qc2 {[%clk 0:07:43]} c4 {[%clk 0:18:32]} 30. Ka1
{[%clk 0:08:03]} Be5 {[%clk 0:15:07]} 31. d3 {[%clk 0:08:12]} c3 {[%clk 0:15:15]}
32. Bc1 {[%clk 0:08:42]} Qd6 {[%clk 0:13:52]} 33. Rf1 {[%clk 0:03:25]} Bxh2
{[%clk 0:07:03]} 34. Qf2 {[%clk 0:03:54]} Qc7 {[%clk 0:07:19]} 35. Qc2
{[%clk 0:02:14]} Bd6 {[%clk 0:06:59]} 36. Rf5 {[%clk 0:01:08]} Qe7
{[%clk 0:06:01]} 37. Rf2 {[%clk 0:00:52]} Qe1 {[%clk 0:05:40]} 38. Re2
{[%clk 0:00:40]} Qh1 {[%clk 0:06:04]} 0-1

[Event "WCO 2016"]
[Site "?"]
[Date "2016.09.11"]
[Round "9"]
[Board "18"]
[WhiteID "14203626"]
[White "Tokhirjonova Gulrukhbegim"]
[BlackID "309672"]
[Black "Havlikova Kristyna"]
[Result "0-1"]
[BlackElo "2271"]
[WhiteElo "2289"]
[LiveChessVersion "1.4.8"]

1. e4 {[%clk 1:30:43]} c5 {[%clk 1:30:53]} 2. Nf3 {[%clk 1:31:05]} Nc6
{[%clk 1:31:18]} 3. d4 {[%clk 1:31:18]} cxd4 {[%clk 1:31:42]} 4. Nxd4
{[%clk 1:31:43]} e6 {[%clk 1:32:05]} 5. Nc3 {[%clk 1:31:51]} Qc7 {[%clk 1:32:25]}
6. Be3 {[%clk 1:32:06]} a6 {[%clk 1:32:36]} 7. Qf3 {[%clk 1:32:14]} Nf6
{[%clk 1:32:30]} 8. O-O-O {[%clk 1:32:17]} Ne5 {[%clk 1:32:32]} 9. Qg3
{[%clk 1:32:20]} b5 {[%clk 1:31:34]} 10. f4 {[%clk 1:32:29]} Neg4
{[%clk 1:31:44]} 11. Bg1 {[%clk 1:32:12]} b4 {[%clk 1:31:36]} 12. Na4
{[%clk 1:30:05]} h5 {[%clk 1:31:35]} 13. Bd3 {[%clk 1:27:51]} d5 {[%clk 1:29:48]}
14. e5 {[%clk 1:21:26]} Ne4 {[%clk 1:30:08]} 15. Bxe4 {[%clk 1:16:44]} dxe4
{[%clk 1:30:32]} 16. h3 {[%clk 1:17:00]} Nh6 {[%clk 1:29:56]} 17. Nb3
{[%clk 1:16:29]} Bb7 {[%clk 1:25:09]} 18. Nac5 {[%clk 0:57:52]} Bd5
{[%clk 1:14:55]} 19. Qe1 {[%clk 0:52:08]} Rc8 {[%clk 1:10:12]} 20. Rd2
{[%clk 0:39:47]} Bxc5 {[%clk 0:50:25]} 21. Nxc5 {[%clk 0:38:02]} Qa5
{[%clk 0:50:04]} 22. Rxd5 {[%clk 0:29:06]} exd5 {[%clk 0:50:16]} 23. Nb7
{[%clk 0:29:23]} Rxc2+ {[%clk 0:45:12]} 24. Kb1 {[%clk 0:28:12]} Qc7
{[%clk 0:42:17]} 25. Nd6+ {[%clk 0:27:24]} Kd7 {[%clk 0:42:28]} 26. Qd1
{[%clk 0:20:12]} Rxg2 {[%clk 0:32:23]} 27. Nxe4 {[%clk 0:20:33]} Qc6
{[%clk 0:32:28]} 28. Nc5+ {[%clk 0:20:53]} Ke7 {[%clk 0:31:25]} 29. Nd3
{[%clk 0:16:50]} d4 {[%clk 0:25:11]} 30. Bf2 {[%clk 0:12:19]} Rc8
{[%clk 0:22:12]} 31. Qd2 {[%clk 0:11:42]} Ke8 {[%clk 0:18:51]} 32. Rc1
{[%clk 0:10:25]} Qd7 {[%clk 0:19:01]} 33. Rxc8+ {[%clk 0:10:19]} Qxc8
{[%clk 0:19:29]} 34. Qxb4 {[%clk 0:07:51]} Nf5 {[%clk 0:19:34]} 35. Qa4+
{[%clk 0:04:57]} Kf8 {[%clk 0:19:04]} 36. Qd1 {[%clk 0:05:19]} Ne3
{[%clk 0:17:11]} 37. Qd2 {[%clk 0:02:51]} Qxh3 {[%clk 0:14:09]} 38. Ne1
{[%clk 0:01:53]} Qf5+ {[%clk 0:08:19]} 39. Ka1 {[%clk 0:02:11]} Qe4
{[%clk 0:06:43]} 40. a3 {[%clk 0:31:01]} Rh2 {[%clk 0:35:21]} 41. Nd3
{[%clk 0:24:55]} Kg8 {[%clk 0:34:39]} 42. Qe2 {[%clk 0:18:07]} Rxf2
{[%clk 0:33:50]} 0-1

[Event "WCO 2016"]
[Site "?"]
[Date "2016.09.11"]
[Round "9"]
[Board "19"]
[WhiteID "307033"]
[White "Sikorova Olga"]
[BlackID "14201437"]
[Black "Gevorgyan Irina"]
[Result "0-1"]
[BlackElo "2324"]
[WhiteElo "2234"]
[LiveChessVersion "1.4.8"]

1. e4 {[%clk 1:30:55]} c5 {[%clk 1:30:51]} 2. Nf3 {[%clk 1:31:07]} e6
{[%clk 1:31:14]} 3. c3 {[%clk 1:31:06]} d5 {[%clk 1:31:21]} 4. e5
{[%clk 1:31:17]} d4 {[%clk 1:30:49]} 5. Bd3 {[%clk 1:31:11]} Bd7 {[%clk 1:30:56]}
6. Na3 {[%clk 1:30:59]} Bc6 {[%clk 1:28:40]} 7. Nc2 {[%clk 1:29:14]} Ne7
{[%clk 1:16:43]} 8. cxd4 {[%clk 1:15:05]} Nd5 {[%clk 1:16:34]} 9. O-O
{[%clk 1:07:55]} Nf4 {[%clk 0:59:01]} 10. Be2 {[%clk 1:00:24]} Nd7
{[%clk 0:42:59]} 11. d3 {[%clk 0:47:24]} Nxe2+ {[%clk 0:42:30]} 12. Qxe2
{[%clk 0:47:52]} Rc8 {[%clk 0:41:15]} 13. dxc5 {[%clk 0:40:32]} Bxc5
{[%clk 0:38:45]} 14. d4 {[%clk 0:38:01]} Be7 {[%clk 0:39:09]} 15. Be3
{[%clk 0:32:17]} O-O {[%clk 0:37:27]} 16. Rfc1 {[%clk 0:30:22]} Nb6
{[%clk 0:37:29]} 17. Nce1 {[%clk 0:23:20]} Qd5 {[%clk 0:36:10]} 18. b3
{[%clk 0:19:20]} Ba3 {[%clk 0:34:12]} 19. Rc2 {[%clk 0:19:27]} Qb5
{[%clk 0:25:30]} 20. Qxb5 {[%clk 0:14:52]} Bxb5 {[%clk 0:25:54]} 21. Nd2
{[%clk 0:08:42]} Nd5 {[%clk 0:23:50]} 22. Nc4 {[%clk 0:06:15]} Bxc4
{[%clk 0:14:35]} 23. Rxc4 {[%clk 0:06:44]} b5 {[%clk 0:14:54]} 24. Rxc8
{[%clk 0:06:21]} Rxc8 {[%clk 0:15:19]} 25. Kf1 {[%clk 0:06:38]} Nb4
{[%clk 0:12:50]} 26. Ke2 {[%clk 0:05:38]} a5 {[%clk 0:09:30]} 27. Kf3
{[%clk 0:03:15]} f6 {[%clk 0:08:57]} 28. exf6 {[%clk 0:03:04]} gxf6
{[%clk 0:09:17]} 29. Rd1 {[%clk 0:02:27]} Nd5 {[%clk 0:06:10]} 30. Rd2
{[%clk 0:02:26]} Bb4 {[%clk 0:04:44]} 31. Rc2 {[%clk 0:01:53]} Rc3
{[%clk 0:04:31]} 32. Re2 {[%clk 0:01:14]} Kf7 {[%clk 0:04:04]} 33. g4
{[%clk 0:01:25]} Bd6 {[%clk 0:03:38]} 34. h4 {[%clk 0:01:16]} f5 {[%clk 0:02:29]}
35. gxf5 {[%clk 0:01:44]} exf5 {[%clk 0:02:53]} 36. Kg2 {[%clk 0:00:46]} Bf4
{[%clk 0:01:17]} 37. Nc2 {[%clk 0:00:35]} Bxe3 {[%clk 0:01:34]} 38. Nxe3
{[%clk 0:00:38]} Nf4+ {[%clk 0:02:00]} 39. Kf3 {[%clk 0:00:58]} Nxe2
{[%clk 0:02:19]} 40. Kxe2 {[%clk 0:31:27]} Ke6 {[%clk 0:32:09]} 41. Kd2
{[%clk 0:29:11]} Rc8 {[%clk 0:30:40]} 42. f4 {[%clk 0:26:41]} a4 {[%clk 0:28:16]}
43. Kd3 {[%clk 0:15:59]} Rc1 {[%clk 0:24:54]} 44. d5+ {[%clk 0:15:31]} Kf6
{[%clk 0:24:16]} 45. Nc2 {[%clk 0:11:39]} Rd1+ {[%clk 0:23:20]} 46. Kc3
{[%clk 0:12:08]} axb3 {[%clk 0:23:20]} 47. axb3 {[%clk 0:12:05]} Rxd5
{[%clk 0:23:35]} 48. Nd4 {[%clk 0:12:31]} Kg6 {[%clk 0:23:19]} 49. Nc2
{[%clk 0:09:54]} Rc5+ {[%clk 0:23:30]} 50. Kd3 {[%clk 0:09:12]} Rxc2
{[%clk 0:23:01]} 0-1

[Event "WCO 2016"]
[Site "?"]
[Date "2016.09.11"]
[Round "9"]
[Board "20"]
[WhiteID "14201780"]
[White "Kurbonboeva Sarvinoz"]
[BlackID "325449"]
[Black "Rodshtein Tereza"]
[Result "1-0"]
[BlackElo "2230"]
[WhiteElo "2223"]
[LiveChessVersion "1.4.8"]

1. d4 {[%clk 1:30:57]} d5 {[%clk 1:30:37]} 2. c4 {[%clk 1:31:22]} e6
{[%clk 1:30:42]} 3. Nc3 {[%clk 1:31:45]} c6 {[%clk 1:28:41]} 4. cxd5
{[%clk 1:32:00]} exd5 {[%clk 1:28:36]} 5. Qc2 {[%clk 1:32:22]} Bd6
{[%clk 1:27:48]} 6. Nf3 {[%clk 1:32:44]} Ne7 {[%clk 1:25:18]} 7. e4
{[%clk 1:33:00]} dxe4 {[%clk 1:24:19]} 8. Nxe4 {[%clk 1:33:18]} Bb4+
{[%clk 1:24:18]} 9. Bd2 {[%clk 1:33:42]} Bxd2+ {[%clk 1:24:34]} 10. Qxd2
{[%clk 1:34:07]} O-O {[%clk 1:24:04]} 11. Bc4 {[%clk 1:34:26]} Bg4
{[%clk 1:22:50]} 12. Ne5 {[%clk 1:30:46]} Bf5 {[%clk 1:21:48]} 13. Ng3
{[%clk 1:24:04]} Nd7 {[%clk 1:18:09]} 14. Rd1 {[%clk 1:04:53]} Nb6
{[%clk 1:13:44]} 15. Bb3 {[%clk 1:04:44]} Nbd5 {[%clk 1:09:12]} 16. Nxf5
{[%clk 0:55:48]} Nxf5 {[%clk 1:09:34]} 17. O-O {[%clk 0:56:13]} Qd6
{[%clk 1:05:36]} 18. Rfe1 {[%clk 0:49:11]} Rad8 {[%clk 0:58:35]} 19. Bc2
{[%clk 0:48:09]} Nde7 {[%clk 0:51:12]} 20. Nf3 {[%clk 0:47:02]} g6
{[%clk 0:48:22]} 21. Re5 {[%clk 0:38:21]} Qf6 {[%clk 0:44:10]} 22. Qe2
{[%clk 0:25:26]} Rd7 {[%clk 0:39:02]} 23. Re1 {[%clk 0:25:20]} Rfd8
{[%clk 0:31:59]} 24. Bb1 {[%clk 0:18:00]} Kf8 {[%clk 0:30:04]} 25. g3
{[%clk 0:08:22]} Rxd4 {[%clk 0:25:58]} 26. h4 {[%clk 0:03:57]} h6
{[%clk 0:20:23]} 27. Kg2 {[%clk 0:03:35]} R4d7 {[%clk 0:20:29]} 28. h5
{[%clk 0:02:02]} g5 {[%clk 0:15:30]} 29. Nh2 {[%clk 0:02:00]} Rd2
{[%clk 0:14:12]} 30. Qf3 {[%clk 0:02:18]} Rxb2 {[%clk 0:07:53]} 31. Bxf5
{[%clk 0:02:38]} Rdd2 {[%clk 0:08:19]} 32. Ng4 {[%clk 0:02:54]} Qd6
{[%clk 0:07:44]} 33. Rxe7 {[%clk 0:03:05]} 1-0

[Event "WCO 2016"]
[Site "?"]
[Date "2016.09.11"]
[Round "9"]
[Board "17"]
[WhiteID "7901798"]
[White "Latreche Sabrina"]
[BlackID "13403710"]
[Black "Mammadova Narmin"]
[Result "1/2-1/2"]
[BlackElo "2230"]
[WhiteElo "2059"]
[LiveChessVersion "1.4.8"]

1. e4 {[%clk 1:30:54]} c6 {[%clk 1:30:51]} 2. d4 {[%clk 1:31:11]} d5
{[%clk 1:31:16]} 3. Nc3 {[%clk 1:31:21]} dxe4 {[%clk 1:31:40]} 4. Nxe4
{[%clk 1:31:43]} Nf6 {[%clk 1:32:06]} 5. Nxf6+ {[%clk 1:31:49]} exf6
{[%clk 1:32:32]} 6. c3 {[%clk 1:31:55]} Bd6 {[%clk 1:32:55]} 7. Bd3
{[%clk 1:32:12]} O-O {[%clk 1:33:17]} 8. Ne2 {[%clk 1:32:28]} Re8
{[%clk 1:33:24]} 9. O-O {[%clk 1:32:23]} Bg4 {[%clk 1:29:33]} 10. f3
{[%clk 1:32:27]} Bh5 {[%clk 1:28:30]} 11. Nf4 {[%clk 1:32:16]} Bg6
{[%clk 1:22:35]} 12. Nxg6 {[%clk 1:31:54]} hxg6 {[%clk 1:22:59]} 13. f4
{[%clk 1:16:32]} f5 {[%clk 1:22:27]} 14. Qb3 {[%clk 1:12:18]} Qc7
{[%clk 1:22:12]} 15. Bd2 {[%clk 1:08:09]} Nd7 {[%clk 1:21:45]} 16. g3
{[%clk 1:01:15]} Nf6 {[%clk 1:09:13]} 17. Rae1 {[%clk 1:00:26]} Qd7
{[%clk 1:05:10]} 18. Bc1 {[%clk 0:51:53]} b6 {[%clk 0:56:18]} 19. a4
{[%clk 0:43:43]} Bc7 {[%clk 0:47:43]} 20. Bc4 {[%clk 0:39:16]} a6
{[%clk 0:41:06]} 21. Rxe8+ {[%clk 0:33:19]} Qxe8 {[%clk 0:41:26]} 22. Qd1
{[%clk 0:30:58]} b5 {[%clk 0:40:12]} 23. Bd3 {[%clk 0:28:17]} Bb6
{[%clk 0:39:13]} 24. Re1 {[%clk 0:27:18]} Qd7 {[%clk 0:36:53]} 25. Qf3
{[%clk 0:25:10]} Re8 {[%clk 0:34:08]} 26. Rxe8+ {[%clk 0:24:19]} Qxe8
{[%clk 0:34:29]} 27. Qe2 {[%clk 0:23:29]} Qd7 {[%clk 0:31:50]} 28. axb5
{[%clk 0:19:36]} axb5 {[%clk 0:32:03]} 29. Kg2 {[%clk 0:11:43]} Qd5+
{[%clk 0:28:19]} 30. Qf3 {[%clk 0:11:13]} Ne4 {[%clk 0:28:42]} 31. h3
{[%clk 0:06:18]} b4 {[%clk 0:26:00]} 32. Bxe4 {[%clk 0:04:24]} fxe4
{[%clk 0:26:24]} 33. Qe2 {[%clk 0:04:37]} bxc3 {[%clk 0:18:55]} 34. bxc3
{[%clk 0:05:02]} Ba5 {[%clk 0:18:33]} 35. Qe3 {[%clk 0:03:15]} Qa2+
{[%clk 0:17:18]} 36. Bd2 {[%clk 0:03:08]} f5 {[%clk 0:14:02]} 37. Kf2
{[%clk 0:03:04]} Bb6 {[%clk 0:13:03]} 38. Kg2 {[%clk 0:02:37]} c5
{[%clk 0:12:18]} 39. Qf2 {[%clk 0:01:27]} Kf7 {[%clk 0:01:02]} 40. dxc5
{[%clk 0:30:36]} Bxc5 {[%clk 0:31:26]} 41. Be3 {[%clk 0:20:29]} Qd5
{[%clk 0:16:31]} 42. c4 {[%clk 0:18:31]} Bxe3 {[%clk 0:11:04]} 43. cxd5
{[%clk 0:18:55]} Bxf2 {[%clk 0:11:31]} 44. Kxf2 {[%clk 0:19:20]} Ke7
{[%clk 0:11:30]} 45. Ke3 {[%clk 0:19:45]} Kd6 {[%clk 0:11:56]} 46. Kd4
{[%clk 0:20:11]} Kc7 {[%clk 0:09:32]} 47. Kc4 {[%clk 0:19:58]} Kb6
{[%clk 0:08:08]} 48. Kb4 {[%clk 0:19:48]} Ka6 {[%clk 0:03:13]} 49. Kc4
{[%clk 0:19:41]} Kb7 {[%clk 0:01:59]} 50. Kb4 {[%clk 0:16:41]} Kc7
{[%clk 0:01:19]} 51. Kc3 {[%clk 0:15:26]} Kb6 {[%clk 0:00:59]} 52. Kb4
{[%clk 0:15:46]} Ka6 {[%clk 0:01:25]} 53. Kc4 {[%clk 0:16:12]} Ka5
{[%clk 0:00:40]} 54. Kc5 {[%clk 0:16:38]} Ka6 {[%clk 0:00:57]} 55. Kc4
{[%clk 0:17:03]} Kb6 {[%clk 0:01:23]} 56. Kb4 {[%clk 0:17:24]} e3
{[%clk 0:01:43]} 57. Kc3 {[%clk 0:17:45]} Kc5 {[%clk 0:02:02]} 58. Kd3
{[%clk 0:17:41]} Kxd5 {[%clk 0:02:23]} 59. Kxe3 {[%clk 0:18:05]} Kc4
{[%clk 0:02:43]} 60. Ke2 {[%clk 0:16:32]} Kd4 {[%clk 0:02:56]} 61. Kd2
{[%clk 0:16:49]} 1/2-1/2

[Event "WCO 2016"]
[Site "?"]
[Date "2016.09.11"]
[Round "9"]
[Board "18"]
[WhiteID "13406396"]
[White "Balajayeva Khanim"]
[BlackID "7900970"]
[Black "Mezioud Amina"]
[Result "1-0"]
[BlackElo "2043"]
[WhiteElo "2147"]
[LiveChessVersion "1.4.8"]

1. e4 {[%clk 1:30:58]} d6 {[%clk 1:30:54]} 2. d4 {[%clk 1:31:20]} Nf6
{[%clk 1:31:18]} 3. Nc3 {[%clk 1:31:43]} g6 {[%clk 1:31:43]} 4. g3
{[%clk 1:32:06]} Bg7 {[%clk 1:32:06]} 5. Bg2 {[%clk 1:32:25]} O-O
{[%clk 1:32:12]} 6. Nge2 {[%clk 1:32:50]} Nbd7 {[%clk 1:32:25]} 7. O-O
{[%clk 1:32:52]} c6 {[%clk 1:32:48]} 8. a4 {[%clk 1:30:22]} a5 {[%clk 1:32:34]}
9. h3 {[%clk 1:28:52]} e5 {[%clk 1:32:19]} 10. Be3 {[%clk 1:28:29]} Qe7
{[%clk 1:30:13]} 11. g4 {[%clk 1:21:06]} exd4 {[%clk 1:23:16]} 12. Bxd4
{[%clk 1:20:38]} Nc5 {[%clk 1:23:05]} 13. Ng3 {[%clk 1:19:54]} Rd8
{[%clk 1:13:20]} 14. e5 {[%clk 1:00:08]} Nfd7 {[%clk 1:06:08]} 15. exd6
{[%clk 1:00:23]} Qxd6 {[%clk 1:05:52]} 16. Bxg7 {[%clk 1:00:20]} Qxd1
{[%clk 1:06:07]} 17. Raxd1 {[%clk 1:00:44]} Kxg7 {[%clk 1:06:30]} 18. Rfe1
{[%clk 1:00:06]} Rf8 {[%clk 1:01:45]} 19. Nge4 {[%clk 0:52:59]} Nxe4
{[%clk 1:00:47]} 20. Nxe4 {[%clk 0:51:54]} Nb6 {[%clk 1:01:10]} 21. Nc5
{[%clk 0:51:34]} Be6 {[%clk 0:49:13]} 22. Nxe6+ {[%clk 0:38:34]} fxe6
{[%clk 0:49:36]} 23. Rxe6 {[%clk 0:38:59]} Rae8 {[%clk 0:43:41]} 24. Rxe8
{[%clk 0:35:43]} Rxe8 {[%clk 0:44:00]} 25. Kf1 {[%clk 0:35:54]} Kf6
{[%clk 0:43:00]} 26. b3 {[%clk 0:36:10]} g5 {[%clk 0:41:13]} 27. Rd4
{[%clk 0:33:36]} Re7 {[%clk 0:28:12]} 28. c3 {[%clk 0:23:40]} Rd7
{[%clk 0:26:16]} 29. Ke2 {[%clk 0:23:33]} Rxd4 {[%clk 0:20:25]} 30. cxd4
{[%clk 0:23:59]} Ke6 {[%clk 0:19:50]} 31. Ke3 {[%clk 0:15:24]} h6
{[%clk 0:16:28]} 32. f4 {[%clk 0:14:54]} Nd7 {[%clk 0:15:55]} 33. f5+
{[%clk 0:12:00]} Kd6 {[%clk 0:15:59]} 34. Kd3 {[%clk 0:12:06]} b5
{[%clk 0:07:30]} 35. b4 {[%clk 0:09:58]} axb4 {[%clk 0:04:21]} 36. axb5
{[%clk 0:08:44]} cxb5 {[%clk 0:03:05]} 37. Kc2 {[%clk 0:09:01]} Nb6
{[%clk 0:01:58]} 38. Kb3 {[%clk 0:08:48]} Nc4 {[%clk 0:02:22]} 39. Kxb4
{[%clk 0:09:03]} Ne3 {[%clk 0:02:39]} 40. Bf3 {[%clk 0:35:15]} Nc2+
{[%clk 0:32:23]} 41. Kc3 {[%clk 0:34:33]} Ne3 {[%clk 0:26:48]} 42. Be4
{[%clk 0:22:22]} Nd1+ {[%clk 0:23:04]} 43. Kd2 {[%clk 0:20:24]} Nb2
{[%clk 0:17:29]} 44. Bd3 {[%clk 0:19:03]} b4 {[%clk 0:17:17]} 45. Bb5
{[%clk 0:18:44]} b3 {[%clk 0:16:16]} 46. Kc1 {[%clk 0:19:05]} 1-0

[Event "WCO 2016"]
[Site "?"]
[Date "2016.09.11"]
[Round "9"]
[Board "19"]
[WhiteID "7900880"]
[White "Abdi Zineb Dina"]
[BlackID "13413015"]
[Black "Beydullayeva Govhar"]
[Result "1/2-1/2"]
[BlackElo "1994"]
[WhiteElo "1953"]
[LiveChessVersion "1.4.8"]

1. e4 {[%clk 1:30:31]} e6 {[%clk 1:30:55]} 2. d4 {[%clk 1:30:56]} d5
{[%clk 1:31:23]} 3. Nc3 {[%clk 1:31:19]} Nf6 {[%clk 1:31:40]} 4. Bg5
{[%clk 1:31:42]} Be7 {[%clk 1:31:52]} 5. e5 {[%clk 1:32:02]} Nfd7
{[%clk 1:32:18]} 6. Bxe7 {[%clk 1:32:22]} Qxe7 {[%clk 1:32:44]} 7. f4
{[%clk 1:32:47]} a6 {[%clk 1:33:06]} 8. Nf3 {[%clk 1:33:10]} c5 {[%clk 1:33:19]}
9. dxc5 {[%clk 1:32:09]} Nc6 {[%clk 1:33:35]} 10. Qd2 {[%clk 1:32:22]} Nxc5
{[%clk 1:33:22]} 11. Bd3 {[%clk 1:32:37]} b5 {[%clk 1:31:56]} 12. a3
{[%clk 1:27:10]} O-O {[%clk 1:29:14]} 13. O-O {[%clk 1:26:37]} Qa7
{[%clk 1:28:08]} 14. Qf2 {[%clk 1:18:33]} h6 {[%clk 1:19:03]} 15. Ne2
{[%clk 1:04:38]} Na4 {[%clk 1:00:23]} 16. b3 {[%clk 0:52:21]} Qxf2+
{[%clk 0:59:49]} 17. Kxf2 {[%clk 0:50:49]} Nc5 {[%clk 0:57:02]} 18. Ned4
{[%clk 0:47:04]} Nxd4 {[%clk 0:51:17]} 19. Nxd4 {[%clk 0:47:27]} f5
{[%clk 0:48:46]} 20. exf6 {[%clk 0:43:05]} gxf6 {[%clk 0:48:06]} 21. Kg1
{[%clk 0:35:49]} Bd7 {[%clk 0:41:21]} 22. Rae1 {[%clk 0:32:25]} Kf7
{[%clk 0:38:49]} 23. Rf3 {[%clk 0:23:00]} Rae8 {[%clk 0:32:44]} 24. b4
{[%clk 0:21:03]} Nb7 {[%clk 0:26:12]} 25. Rg3 {[%clk 0:16:44]} Rg8
{[%clk 0:24:50]} 26. Rge3 {[%clk 0:13:50]} Nd6 {[%clk 0:14:53]} 27. Nb3
{[%clk 0:12:50]} Nc4 {[%clk 0:10:23]} 28. Bxc4 {[%clk 0:12:53]} bxc4
{[%clk 0:09:43]} 29. Nc5 {[%clk 0:13:05]} Bc8 {[%clk 0:06:51]} 30. c3
{[%clk 0:12:13]} Re7 {[%clk 0:05:47]} 31. Kf2 {[%clk 0:09:51]} Rge8
{[%clk 0:05:20]} 32. Rd1 {[%clk 0:09:42]} Rd8 {[%clk 0:05:07]} 33. Na4
{[%clk 0:04:51]} Rd6 {[%clk 0:03:18]} 34. Nb2 {[%clk 0:04:07]} Red7
{[%clk 0:02:44]} 35. Rh3 {[%clk 0:04:05]} Kg7 {[%clk 0:02:55]} 36. Rg3+
{[%clk 0:04:32]} Kf7 {[%clk 0:02:59]} 37. Rh3 {[%clk 0:05:01]} Kg7
{[%clk 0:03:16]} 38. Rg3+ {[%clk 0:05:30]} Kf7 {[%clk 0:03:36]} 39. Rh3
{[%clk 0:05:59]} Kg7 {[%clk 0:03:35]} 40. Rg3+ {[%clk 0:36:16]} Kf7
{[%clk 0:32:18]} 41. Rh3 {[%clk 0:36:18]} 1/2-1/2

[Event "WCO 2016"]
[Site "?"]
[Date "2016.09.11"]
[Round "9"]
[Board "20"]
[WhiteID "13408674"]
[White "Katanova Aynur"]
[BlackID "7901631"]
[Black "Toubal Hayat"]
[Result "0-1"]
[BlackElo "1921"]
[WhiteElo "1784"]
[LiveChessVersion "1.4.8"]

1. d4 {[%clk 1:30:57]} d5 {[%clk 1:30:51]} 2. c4 {[%clk 1:31:23]} e6
{[%clk 1:30:55]} 3. Nc3 {[%clk 1:31:49]} Nf6 {[%clk 1:31:07]} 4. Bg5
{[%clk 1:32:07]} Be7 {[%clk 1:31:19]} 5. e3 {[%clk 1:32:32]} Nbd7
{[%clk 1:30:54]} 6. Nf3 {[%clk 1:32:54]} O-O {[%clk 1:30:33]} 7. Rc1
{[%clk 1:33:04]} c6 {[%clk 1:26:19]} 8. Bd3 {[%clk 1:32:54]} h6 {[%clk 1:26:21]}
9. Bh4 {[%clk 1:33:19]} a6 {[%clk 1:15:44]} 10. O-O {[%clk 1:21:36]} dxc4
{[%clk 1:12:31]} 11. Bxc4 {[%clk 1:21:54]} b5 {[%clk 1:12:40]} 12. Bd3
{[%clk 1:20:34]} Bb7 {[%clk 1:12:41]} 13. a3 {[%clk 1:02:55]} c5 {[%clk 1:03:20]}
14. dxc5 {[%clk 1:01:36]} Nxc5 {[%clk 1:03:22]} 15. Bc2 {[%clk 0:51:23]} Qxd1
{[%clk 0:55:04]} 16. Rfxd1 {[%clk 0:50:51]} g5 {[%clk 0:46:25]} 17. Bg3
{[%clk 0:45:35]} Rad8 {[%clk 0:45:39]} 18. Nd4 {[%clk 0:35:20]} Nd5
{[%clk 0:31:23]} 19. Nxd5 {[%clk 0:29:43]} Bxd5 {[%clk 0:30:51]} 20. b4
{[%clk 0:17:09]} Ne4 {[%clk 0:30:24]} 21. Bxe4 {[%clk 0:17:01]} Bxe4
{[%clk 0:30:48]} 22. f3 {[%clk 0:14:11]} Ba8 {[%clk 0:25:23]} 23. Kf2
{[%clk 0:09:50]} Bf6 {[%clk 0:20:21]} 24. Ke2 {[%clk 0:09:33]} Rc8
{[%clk 0:18:34]} 25. Bd6 {[%clk 0:05:53]} Rfd8 {[%clk 0:17:41]} 26. Bc5
{[%clk 0:06:08]} Bd5 {[%clk 0:15:11]} 27. Ke1 {[%clk 0:03:42]} Be5
{[%clk 0:10:16]} 28. Kf2 {[%clk 0:02:31]} Bc4 {[%clk 0:08:12]} 29. g3
{[%clk 0:01:57]} Bf6 {[%clk 0:05:52]} 30. h3 {[%clk 0:01:17]} Rd5
{[%clk 0:05:07]} 31. Rb1 {[%clk 0:01:00]} Rcd8 {[%clk 0:04:49]} 32. Ke1
{[%clk 0:01:12]} Kh7 {[%clk 0:03:00]} 33. g4 {[%clk 0:01:18]} Be5
{[%clk 0:03:01]} 34. Ne2 {[%clk 0:01:01]} Bd3 {[%clk 0:02:01]} 35. Rbc1
{[%clk 0:00:54]} Bb2 {[%clk 0:02:10]} 36. Bd4 {[%clk 0:01:00]} Bxe2
{[%clk 0:01:07]} 37. Kxe2 {[%clk 0:00:58]} Bxc1 {[%clk 0:01:32]} 38. Rxc1
{[%clk 0:01:26]} e5 {[%clk 0:01:28]} 39. Bc3 {[%clk 0:01:18]} Rc8
{[%clk 0:01:48]} 40. Bb2 {[%clk 0:31:10]} Rcd8 {[%clk 0:31:09]} 41. Rc2
{[%clk 0:25:32]} f6 {[%clk 0:26:54]} 42. f4 {[%clk 0:15:04]} gxf4
{[%clk 0:26:57]} 43. exf4 {[%clk 0:15:12]} exf4 {[%clk 0:21:15]} 44. Bxf6
{[%clk 0:14:10]} R8d6 {[%clk 0:20:51]} 45. Rc7+ {[%clk 0:11:24]} Kg6
{[%clk 0:20:31]} 46. Bc3 {[%clk 0:11:28]} Rd7 {[%clk 0:19:24]} 47. Rc6+
{[%clk 0:11:14]} R7d6 {[%clk 0:19:23]} 48. Rc7 {[%clk 0:10:35]} Kg5
{[%clk 0:18:55]} 49. Be1 {[%clk 0:07:19]} Rd3 {[%clk 0:15:15]} 50. Rc5+
{[%clk 0:05:21]} Kg6 {[%clk 0:12:55]} 51. h4 {[%clk 0:05:11]} Rxa3
{[%clk 0:10:58]} 52. Bc3 {[%clk 0:04:03]} Re6+ {[%clk 0:10:05]} 53. Kf2
{[%clk 0:03:12]} Re3 {[%clk 0:08:25]} 54. Bd4 {[%clk 0:01:27]} Ra2+
{[%clk 0:08:20]} 55. Kf1 {[%clk 0:01:26]} Rd3 {[%clk 0:07:52]} 56. Bf2
{[%clk 0:01:09]} Rf3 {[%clk 0:08:01]} 57. Rc6+ {[%clk 0:00:54]} Kf7
{[%clk 0:08:00]} 58. Rc7+ {[%clk 0:00:45]} Ke6 {[%clk 0:08:16]} 0-1